<?xml version="1.0" encoding="UTF-8"?>
<collection xmlns="http://www.loc.gov/MARC21/slim">
 <record>
  <leader>06240nam a2200349 a 4500</leader>
  <controlfield tag="001">kal5744</controlfield>
  <controlfield tag="003">Gr-AtHEAL</controlfield>
  <controlfield tag="005">20160427135224.0</controlfield>
  <controlfield tag="006">m        d        </controlfield>
  <controlfield tag="008">160413s2015    gr      s           gre|c</controlfield>
  <datafield tag="020" ind1=" " ind2=" ">
   <subfield code="a">9789606034060</subfield>
  </datafield>
  <datafield tag="040" ind1=" " ind2=" ">
   <subfield code="a">GR-AtHEAL</subfield>
   <subfield code="b">gre</subfield>
   <subfield code="c">GR-AtHEAL</subfield>
  </datafield>
  <datafield tag="082" ind1="0" ind2="4">
   <subfield code="a">511.3</subfield>
   <subfield code="2">23</subfield>
  </datafield>
  <datafield tag="100" ind1="1" ind2=" ">
   <subfield code="a">Κατσαρός, Παναγιώτης.</subfield>
   <subfield code="8">2585</subfield>
  </datafield>
  <datafield tag="245" ind1="1" ind2="0">
   <subfield code="a">Θεωρία υπολογισμού και εφαρμογές</subfield>
   <subfield code="h">[Ηλεκτρονικός πόρος] </subfield>
   <subfield code="c">Κατσαρός, Παναγιώτης ; Κριτικός αναγνώστης,Σταμέλος, Ιωάννης ; Τεχνική επιμέλεια,Στάχτιαρη, Εμμανουέλα ; Γλωσσική επιμέλεια,Παππάς, Βασίλειος.</subfield>
  </datafield>
  <datafield tag="260" ind1=" " ind2=" ">
   <subfield code="a">Αθήνα :</subfield>
   <subfield code="b">Σύνδεσμος Ελληνικών Ακαδημαϊκών Βιβλιοθηκών,</subfield>
   <subfield code="c">c2015.</subfield>
  </datafield>
  <datafield tag="490" ind1=" " ind2=" ">
   <subfield code="a">Ακαδημαϊκά Ηλεκτρονικά Συγγράμματα και Βοηθήματα Κάλλιπος</subfield>
   <subfield code="8">40</subfield>
  </datafield>
  <datafield tag="505" ind1=" " ind2=" ">
   <subfield code="a">1. Γλώσσες και υπολογισμοί2. Κανονικές γλώσσες και πεπερασμένα αυτόματα3. Ελαχιστοποίηση και μη Κανονικές γλώσσες4. Γλώσσες και γραμματικές χωρίς συμφραζόμενα5. Αυτόματα στοίβας και γλώσσες που δεν είναι χωρίς συμφραζόμενα6. Μηχανές turing7. Επιλυσιμότητα και μη επιλυσιμότητα8. Υπολογίσιμες συναρτήσεις9. Υπολογιστική πολυπλοκότητα10. NP-πληρότητα</subfield>
  </datafield>
  <datafield tag="520" ind1=" " ind2=" ">
   <subfield code="a">Η Θεωρία Υπολογισμού αναπτύχθηκε για να μελετηθούν θεμελιώδη ζητήματα σχετικά με την έννοια του υπολογισμού και τις δυνατότητες των υπολογιστικών μας μηχανών. Ο υπολογισμός είναι ένα φυσικό φαινόμενο, που εκτελείται σε ένα κλειστό σύστημα που το ονομάζουμε υπολογιστή. Ποιοι υπολογισμοί είναι πραγματοποιήσιμοι και ποιοι υπολογισμοί είναι αδύνατοι; Πώς μπορούμε να ξέρουμε αν ένα δοθέν πρόβλημα μπορεί να επιλυθεί και αν αυτό μπορεί να γίνει επαρκώς γρήγορα;Για να απαντηθούν τα παραπάνω ερωτήματα, οι επιστήμονες εμπνέυστηκαν αφαιρετικά μοντέλα υπολογισμού, όπως οι αναδρομικές συναρτήσεις, ο λογισμός-λ, οι μηχανές Turing και οι μηχανές πεπερασμένων καταστάσεων. Ο ορισμός των μοντέλων υπολογισμού χαρακτηρίζεται από μία μαθηματική αυστηρότητα, που είναι αναγκαία για την απόδειξη αποτελεσμάτων που απαντούν στα ερωτήματα που τέθηκανΗ Μηχανή Turing, ένα θεωρητικό μοντέλο μηχανής, που πρότεινε ο Alan Turing το 1936 έχει αποδειχθεί ως το μέχρι σήμερα πιο εκφραστικό μοντέλο, καθώς αυτό μπορεί να αναπαραστήσει τον οποιοδήποτε υπολογισμό μιας υπολογιστικής μηχανής. Οι μηχανές πεπερασμένων καταστάσεων συνδυάζουν την απλότητα της αναπαράστασης του υπολογισμού με σημαντικές δυνατότητες έκφρασης υπολογισμών και γι αυτό έχουν πολλές εφαρμογές στη σχεδίαση και ανάλυση της συμπεριφοράς συστημάτων όπως οι αυτόματες μηχανές πώλησης, τα ηλεκτρονικά παιχνίδια, οι μονάδες ελέγχου των CPUs και άλλες εφαρμογές όπως η ανάλυση κειμένου, η ανάλυση πρωτοκόλλων δικτύων και η επεξεργασία φυσικής γλώσσας. Διάφορες επεκτάσεις μοντέλων υπολογισμού όπως αυτά που αναφέρθηκαν βρίσκουν επίσης εφαρμογή στη μελέτη βιολογικών συστημάτων και ενσωματωμένων συστημάτων, που αλληλεπιδρούν με το περιβάλλον σε πραγματικό χρόνοΤο ηλεκτρονικό βιβλίο &quot;Θεωρία Υπολογισμού και Εφαρμογές&quot; είναι μία πρωτότυπη παρουσίαση των βασικών αποτελεσμάτων της Θεωρίας Υπολογισμού διανθισμένη με πλήθος εφαρμογών από διάφορα πεδία, προσομοιώσεις, κριτήρια αξιολόγησης, καθώς και εκτεταμένο πολυμεσικό και διαδραστικό περιεχόμενο.</subfield>
  </datafield>
  <datafield tag="650" ind1=" " ind2="0">
   <subfield code="a">Computational complexity</subfield>
   <subfield code="8">2697</subfield>
  </datafield>
  <datafield tag="653" ind1=" " ind2=" ">
   <subfield code="a">Υπολογιστική πολυπλοκότητα</subfield>
  </datafield>
  <datafield tag="653" ind1=" " ind2=" ">
   <subfield code="a">Υπολογισιμότητα</subfield>
  </datafield>
  <datafield tag="653" ind1=" " ind2=" ">
   <subfield code="a">Γραμματικές</subfield>
  </datafield>
  <datafield tag="653" ind1=" " ind2=" ">
   <subfield code="a">Αυτόματα</subfield>
  </datafield>
  <datafield tag="653" ind1=" " ind2=" ">
   <subfield code="a">Γλώσσες</subfield>
  </datafield>
  <datafield tag="653" ind1=" " ind2=" ">
   <subfield code="a">Επιστήμη υπολογιστών/Πληροφορική</subfield>
   <subfield code="a">Υπολογιστική επιστήμη</subfield>
  </datafield>
  <datafield tag="700" ind1="1" ind2=" ">
   <subfield code="a">Σταμέλος Ιωάννης</subfield>
   <subfield code="e">Κριτικός αναγνώστης</subfield>
   <subfield code="8">2586</subfield>
  </datafield>
  <datafield tag="856" ind1="4" ind2="0">
   <subfield code="u">http://hdl.handle.net/11419/5744</subfield>
   <subfield code="z">Πλήρες Κείμενο - Full text</subfield>
  </datafield>
  <datafield tag="907" ind1=" " ind2=" ">
   <subfield code="a">.b25678863</subfield>
   <subfield code="b">12-06-18</subfield>
   <subfield code="c">29-07-16</subfield>
  </datafield>
  <datafield tag="949" ind1=" " ind2=" ">
   <subfield code="0">0</subfield>
   <subfield code="1">0</subfield>
   <subfield code="2">ddc</subfield>
   <subfield code="4">0</subfield>
   <subfield code="6">511_300000000000000_ΚΑΤ</subfield>
   <subfield code="7">0</subfield>
   <subfield code="8">KALL</subfield>
   <subfield code="8">645</subfield>
   <subfield code="d">2016-04-13</subfield>
   <subfield code="r">2016-04-13</subfield>
   <subfield code="w">2016-04-13</subfield>
   <subfield code="z">511.3 ΚΑΤ</subfield>
   <subfield code="o">SEAB KALLIPOS</subfield>
  </datafield>
  <datafield tag="998" ind1=" " ind2=" ">
   <subfield code="a">80</subfield>
   <subfield code="a">01</subfield>
   <subfield code="a">02</subfield>
   <subfield code="a">03</subfield>
   <subfield code="a">04</subfield>
   <subfield code="a">05</subfield>
   <subfield code="a">06</subfield>
   <subfield code="a">07</subfield>
   <subfield code="a">08</subfield>
   <subfield code="a">09</subfield>
   <subfield code="a">10</subfield>
   <subfield code="a">11</subfield>
   <subfield code="a">12</subfield>
   <subfield code="a">12</subfield>
   <subfield code="a">13</subfield>
   <subfield code="a">14</subfield>
   <subfield code="a">15</subfield>
   <subfield code="a">16</subfield>
   <subfield code="a">17</subfield>
   <subfield code="a">18</subfield>
   <subfield code="a">19</subfield>
   <subfield code="a">20</subfield>
   <subfield code="a">21</subfield>
   <subfield code="a">22</subfield>
   <subfield code="a">23</subfield>
   <subfield code="a">24</subfield>
   <subfield code="a">25</subfield>
   <subfield code="a">26</subfield>
   <subfield code="b">10-05-17</subfield>
   <subfield code="c">m</subfield>
   <subfield code="d">z  </subfield>
   <subfield code="e">-</subfield>
   <subfield code="f">gre</subfield>
   <subfield code="g">gr </subfield>
   <subfield code="h">0</subfield>
  </datafield>
  <datafield tag="942" ind1=" " ind2=" ">
   <subfield code="2">ddc</subfield>
   <subfield code="c">KALLIPOS</subfield>
  </datafield>
 </record>
</collection>
